Oh, Canada! - Sudden Death - Statistics

General Stats
  • This quiz has been taken 74 times
  • The average score is 13 of 22
Answers on the Grid
Answers color-coded by a green-red scale on the quiz's grid according to % correct below.
And
At
Brave
Command
Far
Forever
Free
From
Glorious
Glowing
Gracious
Guard
Hearts
Hold
Home
Hope
King
Land
Leaf
Love
Maple
March
Native
North
Patriot
Rise
Sea
See
Strong
Thee
Tree
True
Watch
We
Wide
Wind
 
Answer Stats
Answer % Correct
And
75%
Land
69%
Glorious
67%
Home
67%
Free
65%
Hearts
63%
Native
63%
North
63%
Thee
63%
We
63%
True
60%
Patriot
58%
Command
56%
Glowing
56%
Guard
56%
Rise
56%
Strong
56%
Far
52%
Love
52%
From
50%
Wide
50%
See
48%
No matching quizzes found
Score Distribution
Percent of People with Each Score
Percentile by Number Answered
Your Score History
You have not taken this quiz